People On Canadian Dollar Bills - Statistics

General Stats
  • This quiz has been taken 13 times
  • The average score is 2 of 5
Answer Stats
Hint Answer % Correct
20 King Charles III
78%
50 William Lyon Mackenzie King
56%
100 Robert Borden
33%
10 Viola Desmond
22%
5 Wilfrid Laurier
22%
No matching quizzes found
Score Distribution
Percent of People with Each Score
Percentile by Number Answered
Your Score History
You have not taken this quiz